Typing Race Quiz Stats

 Plays Quiz Updated Nov 6, 2018

Also try: Typing Challenge
Challenge
Share
Tweet
Embed
Score 0/183 Timer 06:00
12 Plays Today
Type: % Correct
????
100%
????
99.8%
????
99.6%
????
99.4%
????
99.2%
????
99%
????
98.8%
????
98.7%
????
98.6%
????
98.5%
????
98.4%
????
98.3%
????
98.2%
????
98.1%
????
98%
????
97.9%
????
97.8%
????
97.7%
????
97.7%
????
97.6%
????
97.5%
????
97.5%
????
97.4%
????
97.3%
????
97.3%
????
97.2%
????
97.1%
????
97%
????
96.9%
????
96.8%
????
96.7%
????
96.6%
????
96.5%
????
96.4%
????
96.4%
????
96.3%
????
96.2%
????
96.2%
????
96.1%
????
96.1%
????
96%
????
96%
????
95.9%
????
95.9%
????
95.8%
????
95.8%
????
95.7%
????
95.6%
????
95.6%
????
95.5%
????
95.4%
????
95.4%
????
95.3%
????
95.3%
????
95.2%
????
95.1%
????
95.1%
????
95.1%
????
95%
????
95%
????
94.9%
Type: % Correct
????
94.8%
????
94.8%
????
94.7%
????
94.7%
????
94.7%
????
94.6%
????
94.6%
????
94.5%
????
94.4%
????
94.4%
????
94.3%
????
94.2%
????
94.2%
????
94.1%
????
94%
????
94%
????
93.9%
????
93.8%
????
93.8%
????
93.7%
????
93.6%
????
93.5%
????
93.4%
????
93.3%
????
93.2%
????
93.2%
????
93.1%
????
93%
????
92.9%
????
92.9%
????
92.8%
????
92.7%
????
92.6%
????
92.5%
????
92.4%
????
92.3%
????
92.2%
????
92.1%
????
91.9%
????
91.8%
????
91.7%
????
91.5%
????
91.4%
????
91.2%
????
91.1%
????
90.9%
????
90.7%
????
90.6%
????
90.4%
????
90.3%
????
90.1%
????
89.9%
????
89.8%
????
89.5%
????
89.4%
????
89.2%
????
89%
????
88.7%
????
88.5%
????
88.3%
????
88.1%
Type: % Correct
????
87.8%
????
87.5%
????
87.1%
????
86.9%
????
86.6%
????
86.1%
????
85.7%
????
85.3%
????
84.7%
????
84.2%
????
83.9%
????
83.5%
????
83%
????
82.6%
????
82.3%
????
81.8%
????
81.4%
????
80.8%
????
80.3%
????
79.9%
????
79.5%
????
78.9%
????
78.4%
????
77.9%
????
77.1%
????
76.5%
????
75.9%
????
75.3%
????
74.6%
????
74.1%
????
73.5%
????
72.6%
????
72.1%
????
71.2%
????
70%
????
69.4%
????
68.7%
????
68%
????
66.9%
????
65.9%
????
64.9%
????
63.8%
????
62.6%
????
61.4%
????
60%
????
59.3%
????
58.4%
????
57.3%
????
56.1%
????
55.1%
????
54.3%
????
53.4%
????
52.4%
????
51.3%
????
50.3%
????
49.1%
????
48%
????
46.5%
????
45.4%
????
43.9%
????
35.3%

You're not logged in!

Compare scores with friends on all Sporcle quizzes.
Join for Free
OR
Log In

You Might Also Like...

Show Comments

Extras

Top Quizzes Today


Score Distribution

Your Account Isn't Verified!

In order to create a playlist on Sporcle, you need to verify the email address you used during registration. Go to your Sporcle Settings to finish the process.

Report this User

Report this user for behavior that violates our Community Guidelines.

Details: